Автоматизированная система предприятия; Современные техника и технологии; Т. 3

Podrobná bibliografie
Parent link:Современные техника и технологии: сборник трудов XIV Международной научно-практической конференции студентов, аспирантов и молодых ученых, Томск, 24-28 марта 2008 г./ Томский политехнический университет (ТПУ).— , 2008
Т. 3.— 2008.— [С. 216-219]
Hlavní autor: Новицкая О. Ю. Оксана Юрьевна
Další autoři: Емельянова Е. Ю. Екатерина Юрьевна, Олигер К. А.
Shrnutí:Заглавие с титульного листа
Электронная версия печатной публикации
Jazyk:ruština
Vydáno: 2008
Edice:Контроль и управление качеством
Témata:
On-line přístup:http://www.lib.tpu.ru/fulltext/c/2008/C01/V3/004.pdf
Médium: MixedMaterials Elektronický zdroj Kapitola
KOHA link:https://koha.lib.tpu.ru/cgi-bin/koha/opac-detail.pl?biblionumber=612788

MARC

LEADER 00000naa2a2200000 4500
001 612788
005 20231101132726.0
035 |a (RuTPU)RU\TPU\conf\10919 
090 |a 612788 
100 |a 20150626d2008 k y0rusy50 ca 
101 0 |a rus 
102 |a RU 
105 |a y z 100zy 
135 |a drnn ---uucaa 
181 0 |a i  
182 0 |a b 
200 1 |a Автоматизированная система предприятия  |f О. Ю. Новицкая, Е. Ю. Емельянова, К. А. Олигер 
203 |a Текст  |c электронный 
215 |a 1 файл (254 Кб) 
225 1 |a Контроль и управление качеством 
230 |a Электронные текстовые данные (1 файл : 254 Кб) 
300 |a Заглавие с титульного листа 
300 |a Электронная версия печатной публикации 
320 |a [Библиогр.: с. 219 (2 назв.)] 
337 |a Adobe Reader 
461 1 |0 (RuTPU)RU\TPU\conf\8317  |t Современные техника и технологии  |o сборник трудов XIV Международной научно-практической конференции студентов, аспирантов и молодых ученых, Томск, 24-28 марта 2008 г.  |o в 3 т.  |f Томский политехнический университет (ТПУ)  |d 2008 
463 1 |0 (RuTPU)RU\TPU\conf\8325  |t Т. 3  |v [С. 216-219]  |d 2008 
610 1 |a труды учёных ТПУ 
610 1 |a электронный ресурс 
610 1 |a автоматизированные системы 
610 1 |a предприятия 
700 1 |a Новицкая  |b О. Ю.  |g Оксана Юрьевна 
701 1 |a Емельянова  |b Е. Ю.  |c специалист в области контрольно-измерительной техники  |c старший преподаватель Томского политехнического университета  |f 1984-  |g Екатерина Юрьевна  |2 stltpush  |3 (RuTPU)RU\TPU\pers\30340 
701 1 |a Олигер  |b К. А. 
801 2 |a RU  |b 63413507  |c 20150626  |g RCR 
856 4 |u http://www.lib.tpu.ru/fulltext/c/2008/C01/V3/004.pdf 
942 |c BK